000 01741nam0a2200361 4500
001 RU\NLR\bibl\894562
005 20250614173823.0
010 _a5-9233-0454-6
_91000
021 _aRU
_b2005-78119
_93854
035 _a(NLR Aleph) 000883037
090 _a1671006
_c1671006
100 _a20051227d2005 |||y0rusy50 ca
101 0 _arus
102 _aRU
105 _aa |||||||||
200 1 _aПеритонеальный диализ в заместительной терапии больных с хронической почечной недостаточностью
_eруководство для практических врачей
_fВ.Г. Казимиров, С.В. Бутрин, Р.Р. Беков, А.Д. Сапожников
_gВолгогр. уронефрол. центр г. Волжский
210 _aВолгоград
_cИздатель
_d2005
215 _a95, [1] с.
_cил., цв. ил.
_d22
320 _aБиблиогр.: с. 82 (12 назв.)
606 1 _aПочечная недостаточность
_jРуководства, пособия и т.п.
_xТерапия перитонеальным диализом
_9970986
_3RU\NLR\auth\66364127
686 _aР414.09-580.5я77
701 1 _aКазимиров
_bВ. Г.
_gВиктор Григорьевич
_4070
701 1 _aБутрин
_bС. В.
_gСергей Викторович
_4070
701 1 _aБеков
_bР. Р.
_gРафаиль Рафаилович
_4070
701 1 _aСапожников
_bА. Д.
_gАркадий Давидович
_4070
801 0 _aRU
_bNLR
_c20051227
_grcr
801 1 _aRU
_bNLR
_c20051227
830 _aАвт. по кн.
942 _cBOOK
980 _aNB
980 _aNBR